|
|
|
|
| LEADER |
01638nam a2200289 a 4500 |
| 001 |
GR-MES15462 |
| 008 |
100114s2001 gr g 000 0 gre d |
| 020 |
|
|
|a 9603513806
|
| 040 |
|
|
|a GrPaTEI
|b gre
|c GR-PaULI
|
| 040 |
|
|
|a GrPaTEI
|b gre
|c GR-PaULI
|
| 082 |
|
0 |
|a 657
|2 21
|
| 100 |
1 |
|
|a Ντιμέρης, Λάζαρος Γρ.
|
| 245 |
1 |
0 |
|a Γενική λογιστική :
|b θεωρία και εφαρμογή /
|c Λάζαρος Γρ. Ντιμέρης, Νικόλαος Διον. Καλαμαράς.
|
| 250 |
|
|
|a 2η έκδ.
|
| 260 |
|
|
|a Αθήνα :
|b Αθ. Σταμούλης,
|c c2001
|
| 300 |
|
|
|a 619σελ. :
|b πιν. ;
|c 24εκ.
|
| 500 |
|
|
|a Σύστημα "ΕΥΔΟΞΟΣ": αρ.εισ. 26910, 26911
|
| 610 |
|
4 |
|a Σύστημα ΕΥΔΟΞΟΣ
|
| 650 |
|
4 |
|a Λογιστική
|
| 700 |
1 |
|
|a Καλαμάρας, Νικόλαος Διον.
|
| 710 |
0 |
|
|a Αθ. Σταμούλης
|
| 942 |
|
|
|2 ddc
|
| 952 |
|
|
|0 0
|1 0
|2 ddc
|4 0
|6 657_000000000000000_ΝΤΙ
|7 0
|9 273261
|a MSLG
|b MSLG
|c BSC
|d 2021-01-17
|e 24
|f 0
|g 0.00
|l 0
|o 657 ΝΤΙ
|p 2420000024794
|r 2021-01-17 00:00:00
|t 1
|w 2021-01-17
|y BK15
|x 20100114 0 1
|x GrPaTEI
|
| 952 |
|
|
|0 0
|1 0
|2 ddc
|4 0
|6 657_000000000000000_ΝΤΙ
|7 0
|9 273262
|a MSLG
|b MSLG
|c EUD
|d 2021-01-17
|e 24
|f 0
|g 0.00
|l 0
|o 657 ΝΤΙ
|p 2420000026910
|r 2021-01-17 00:00:00
|t 1
|v 2021.00
|w 2021-01-17
|y BK15
|x 20130926 0 ΧΑΣΑΝΗ ΙΩΑΝΝΑ 0
|x GrPaTEI
|
| 952 |
|
|
|0 0
|1 0
|2 ddc
|4 0
|6 657_000000000000000_ΝΤΙ
|7 0
|9 273263
|a MSLG
|b MSLG
|c EUD
|d 2021-01-17
|e 24
|f 0
|g 0.00
|l 0
|o 657 ΝΤΙ
|p 2420000026911
|r 2021-01-17 00:00:00
|t 1
|w 2021-01-17
|y BK15
|x 20130926 0 ΧΑΣΑΝΗ ΙΩΑΝΝΑ 1
|x GrPaTEI
|
| 971 |
|
|
|a .b25815118
|b 15-04-20
|c 13-09-16
|
| 999 |
|
|
|c 158220
|d 158220
|